000 00690nam a2200205 i 4500
001 135076
003 ES-MaACL
005 20230906194812.0
007 t|
008 070709s1974 mx ||||1| spa d
080 _a301-19(091)
100 1 _aTimasheff, Nicholas S.
_9110279
245 1 3 _aLa teoría sociológica
_b: su naturaleza y desarrollo /
_cNicholas S. Timasheff ; [traducción de Florentino M. Torner].
250 _a[1ª ed., 5ª reimp.].
260 _aMéxico :
_bFondo de Cultura Económica,
_c[1974]
300 _a397 p. :
_bil. ;
_c23 cm.
650 4 _aSociología-
_vHistoria.
_917200
700 1 _aTorner, Florentino M.
_9110662
852 _aES-MaACL
_jE-6111
_bR.90579
999 _c135076
_d135076